| 000 | 00566nam a2200205Ia 4500 | ||
|---|---|---|---|
| 003 | OSt | ||
| 005 | 20230511163619.0 | ||
| 008 | 210423s1988 xx 000 0 und d | ||
| 040 | _cAL | ||
| 041 | _aeng | ||
| 082 |
_a910.3 _223 _bGOVK |
||
| 100 |
_aGOVERNMENT OF KARNATAKA _9103968 |
||
| 245 | _aKarnataka state gazetteer: Mysore district | ||
| 260 |
_aBangalore _bGovernment Of Karnataka _c1988 |
||
| 300 |
_a1078 _bHB |
||
| 365 |
_b75 _cINR |
||
| 650 |
_aGeography _9103969 |
||
| 906 | _adistrict. ; gazetlers. ; Karnataka ; Mysore ; state | ||
| 942 |
_2ddc _cBK |
||
| 999 |
_c172089 _d172089 |
||